[Event "Kolkata DBCA op 5th"]
[Site "Kolkata"]
[Date "2024.04.13"]
[Round "4"]
[White "Shahil, Dey"]
[Black "Himanshu, Ranjan"]
[Result "1-0"]
[WhiteElo "2332"]
[BlackElo "1804"]
[PlyCount "72"]
[EventDate "2024.04.11"]
[EventType "swiss"]
[EventRounds "9"]
[EventCountry "IND"]
[SourceTitle "CB17_2024"]
[SourceDate "2024.04.24"]
[SourceVersion "1"]
[SourceVersionDate "2024.04.24"]
[SourceQuality "1"]

1. e4 c5 2. Nc3 Nc6 3. Nge2 g6 4. g3 Bg7 5. Bg2 e6 6. d3 d6 7. 0-0 Nge7 8. Bg5 0-0 9. Qd2 Re8 10. Rab1 a6 11. Bh6 Bh8 12. Be3 Nd4 13. b4 Nxe2+ 14. Nxe2 Qc7 15. c4 Rb8 16. bxc5 dxc5 17. Bf4 Be5 18. Bxe5 Qxe5 19. f4 Qc7 20. g4 f5 21. gxf5 exf5 22. Nc3 Be6 23. Nd5 Bxd5 24. cxd5 Rbd8 25. a4 c4 26. Qc3 Qc5+ 27. Kh1 b5 28. axb5 axb5 29. Qa5 cxd3 30. Rxb5 Qd4 31. Rb4 Qe3 32. e5 g5 33. d6 Ng6 34. Rb7 Nf8 35. Qd5+ Re6 36. Re7 Re8 1-0